BIBLIOTECA PODER JUDICIAL
Portal Judicial TDF

Algunas reflexiones sobre los animales y los vicios ocultos en el Cód. Civ. y Com. / (Registro nro. 5666)

000 -LEADER
fixed length control field 01825nab a22002777a 4500
003 - CONTROL NUMBER IDENTIFIER
control field OSt
005 - DATE AND TIME OF LATEST TRANSACTION
control field 20251226214439.0
008 - FIXED-LENGTH DATA ELEMENTS--GENERAL INFORMATION
fixed length control field 190603e xxum|||| |||| 00| 0 spa d
040 ## - CATALOGING SOURCE
Transcribing agency PJ
100 ## - MAIN ENTRY--PERSONAL NAME
9 (RLIN) 5577
Personal name Cafferata, Juan Manuel
245 10 - TITLE STATEMENT
Title Algunas reflexiones sobre los animales y los vicios ocultos en el Cód. Civ. y Com. /
Statement of responsibility, etc Juan Cafferata.
260 ## - PUBLICATION, DISTRIBUTION, ETC. (IMPRINT)
Date of publication, distribution, etc Ciudad Autónoma de Buenos Aires :
Place of publication, distribution, etc Thomson Reuters La Ley,
Name of publisher, distributor, etc 2025.
300 ## - PHYSICAL DESCRIPTION
Extent p. 212-226
500 ## - GENERAL NOTE
General note Cita: TR LALEY AR/DOC/430/2025 <br/>Publicado en: RCCyC 2025 (junio).
505 ## - FORMATTED CONTENTS NOTE
Formatted contents note Sumario: I. Cuestiones a tratar.— II. Hechos.— III. La sentencia de primera instancia.— IV. La apelación.— V. La resolución de Cámara.— VI. La aplicación del régimen de defensa del consumidor.— VII. Los defectos y la garantía de reparación de cosas muebles no consumibles.— VIII. El art. 18 de la ley 24.240.— IX. El profesional frente a la responsabilidad por vicios en el Cód. Civ. y Com. Consecuencias.— X. La existencia del vicio al tiempo de la adquisición. Carga de la prueba.— XI. Las acciones derivadas de los vicios.— XII. La naturaleza jurídica de los animales.
505 ## - FORMATTED CONTENTS NOTE
Formatted contents note Fallo comentado: CNCiv., sala E ~ 11/09/2024 ~ C. R., A. L. D. L. P. c. H, L. A. y otro s/daños y perjuicios.
505 ## - FORMATTED CONTENTS NOTE
Title ¿Te interesa el texto completo? Solicitalo al correo: koha@justierradelfuego.gov.ar
650 #0 - SUBJECT ADDED ENTRY--TOPICAL TERM
9 (RLIN) 1497
Topical term or geographic name as entry element CODIGO CIVIL Y COMERCIAL
650 #0 - SUBJECT ADDED ENTRY--TOPICAL TERM
9 (RLIN) 2608
Topical term or geographic name as entry element DERECHOS DEL CONSUMIDOR
650 #0 - SUBJECT ADDED ENTRY--TOPICAL TERM
9 (RLIN) 2823
Topical term or geographic name as entry element DAÑOS Y PERJUICIOS
650 #0 - SUBJECT ADDED ENTRY--TOPICAL TERM
9 (RLIN) 2431
Topical term or geographic name as entry element VICIOS REDHIBITORIOS
650 #0 - SUBJECT ADDED ENTRY--TOPICAL TERM
9 (RLIN) 2597
Topical term or geographic name as entry element DEFENSA DEL CONSUMIDOR
700 ## - ADDED ENTRY--PERSONAL NAME
9 (RLIN) 6614
Personal name Peralta Mariscal, Facundo
773 0# - HOST ITEM ENTRY
Host Biblionumber 2713
Host Itemnumber 3170
Place, publisher, and date of publication Ciudad Autónoma de Buenos Aires : Thomson Reuters La Ley, 2015-
Title Revista Código Civil y Comercial. Nº 3 - Junio 2025
942 ## - ADDED ENTRY ELEMENTS (KOHA)
Source of classification or shelving scheme
Koha item type Analítica Artículo de Revista

No hay ítems disponibles.

12 de Octubre 789 Ushuaia - Tel:  54(02901)441571
Horario de Atención: 8.00 a 17.00 hs. 
bibliotecaush@justierradelfuego.gov.ar
koha@justierradelfuego.gov.ar
Seguinos en nuestras redes @bibliojustdf 

Con tecnología Koha